[Event "Sautron op 19th"]
[Site "Sautron"]
[Date "2019.10.19"]
[Round "7.17"]
[White "Templier, Benoit"]
[Black "Renard, Emmanuel"]
[Result "0-1"]
[WhiteElo "1634"]
[BlackElo "1856"]
[PlyCount "31"]
[EventDate "2019.12.10"]
[EventType "swiss"]
[EventRounds "9"]
[EventCountry "FRA"]
[SourceTitle "EXT 2022"]
[Source "ChessBase"]
[SourceDate "2021.10.06"]
[SourceVersion "1"]
[SourceVersionDate "2021.10.06"]
[SourceQuality "1"]

1. c4 e5 2. Nc3 Nc6 3. Nf3 f5 4. d4 e4 5. d5 exf3 6. dxc6 fxg2 7. cxd7+ Qxd7 8. Qxd7+ Bxd7 9. Bxg2 0-0-0 10. Bg5 Re8 11. 0-0-0 Be6 12. Bd5 Bxd5 13. Rxd5 h6 14. Be3 Ne7 15. Re5 g5 16. Bc5 0-1

[Event "Gorges op 17th"]
[Site "Gorges"]
[Date "2007.??.??"]
[Round "3"]
[White "Sapin, Antony"]
[Black "Templier, Benoit"]
[Result "0-1"]
[WhiteElo "1199"]
[BlackElo "1654"]
[PlyCount "24"]
[EventDate "2007.07.08"]
[EventType "swiss"]
[EventRounds "7"]
[EventCountry "FRA"]
[SourceTitle "CBM 119 Extra"]
[Source "ChessBase"]
[SourceDate "2007.09.04"]
[SourceVersion "1"]
[SourceVersionDate "2007.09.04"]
[SourceQuality "1"]

1. e4 e6 2. d4 d5 3. e5 c5 4. Nf3 Nc6 5. Bb5 Bd7 6. Bg5 Qb6 7. Na3 cxd4 8. 0-0 Bc5 9. Qd3 a6 10. c4 axb5 11. cxb5 Nce7 12. Rad1 Bxa3 0-1

[Event "Hennebont Grand Prix"]
[Site "Hennebont"]
[Date "2006.08.05"]
[Round "1"]
[White "Guillaumat, Jerome"]
[Black "Templier, Benoit"]
[Result "1-0"]
[WhiteElo "1399"]
[BlackElo "1606"]
[PlyCount "49"]
[EventDate "2006.08.05"]
[EventType "swiss"]
[EventRounds "7"]
[EventCountry "FRA"]
[SourceTitle "EXT 2007"]
[Source "ChessBase"]
[SourceDate "2006.11.23"]
[SourceVersion "1"]
[SourceVersionDate "2006.11.23"]
[SourceQuality "1"]

1. e4 e6 2. d4 d5 3. e5 c5 4. c3 Nc6 5. Nf3 Qb6 6. a3 Bd7 7. b4 cxd4 8. cxd4 Rc8 9. Bb2 Na5 10. Nbd2 Nc4 11. Nxc4 dxc4 12. Rc1 a5 13. Bxc4 axb4 14. Qb3 Qa5 15. a4 Qxa4 16. Qxa4 Bxa4 17. Bb5+ Bxb5 18. Rxc8+ Ke7 19. Rc7+ Kd8 20. Rxb7 Bd7 21. 0-0 Nh6 22. Rc1 Ba4 23. Ne1 Be7 24. Rb8+ Kd7 25. Rxh8 1-0

[Event "Angers op 1st"]
[Site "Angers"]
[Date "2006.05.07"]
[Round "4"]
[White "Le Ray, Jean Yves"]
[Black "Templier, Benoit"]
[Result "1-0"]
[WhiteElo "2090"]
[BlackElo "1620"]
[PlyCount "65"]
[EventDate "2006.05.06"]
[EventType "swiss"]
[EventRounds "6"]
[EventCountry "FRA"]
[SourceTitle "EXT 2007"]
[Source "ChessBase"]
[SourceDate "2006.11.23"]
[SourceVersion "1"]
[SourceVersionDate "2006.11.23"]
[SourceQuality "1"]

1. d4 e6 2. Nf3 d5 3. c4 Nf6 4. Bg5 Be7 5. Nc3 b6 6. e3 Bb7 7. Rc1 0-0 8. Bxf6 Bxf6 9. cxd5 exd5 10. Bd3 h6 11. 0-0 Be7 12. Ne5 Bd6 13. f4 a6 14. Qh5 Bxe5 15. fxe5 Qg5 16. Qxg5 hxg5 17. Rf5 f6 18. Rcf1 Nd7 19. e6 Nb8 20. Nxd5 Bxd5 21. Rxd5 Re8 22. Bg6 Nc6 23. Bxe8 Rxe8 24. Rc1 Nb4 25. Rd7 Rxe6 26. Rcxc7 Nd3 27. Rxg7+ Kf8 28. Rh7 Kg8 29. Rhe7 Rxe7 30. Rxe7 Nxb2 31. Re6 Nc4 32. Kf2 Kf7 33. Rc6 1-0

[Event "Montigny le Bretonneux op 7th"]
[Site "Montigny le Bretonneux"]
[Date "2003.05.04"]
[Round "7.16"]
[White "Mongey, Alain"]
[Black "Templier, Benoit"]
[Result "1-0"]
[WhiteElo "1430"]
[BlackElo "1460"]
[PlyCount "86"]
[EventDate "2003.05.??"]
[EventType "swiss"]
[EventRounds "9"]
[EventCountry "FRA"]
[SourceTitle "EXT 2004"]
[Source "ChessBase"]
[SourceDate "2003.11.25"]
[SourceVersion "1"]
[SourceVersionDate "2003.11.25"]
[SourceQuality "1"]

1. d4 e6 2. c4 Nf6 3. Nc3 Bb4 4. Bd2 0-0 5. Nf3 c5 6. e3 Nc6 7. Bd3 cxd4 8. exd4 d5 9. c5 b6 10. a3 Bxc3 11. Bxc3 Qc7 12. Qc2 Ne7 13. b4 h6 14. Ne5 Nc6 15. 0-0 Nxe5 16. dxe5 Ne4 17. Bd4 Bb7 18. f3 bxc5 19. fxe4 Rac8 20. Bxc5 Qxe5 21. exd5 Qxd5 22. Qe2 Rfd8 23. Rad1 Qg5 24. Rf2 a6 25. Rdf1 Qd5 26. Bc2 f6 27. Rd1 Qc6 28. Rxd8+ Rxd8 29. Bb3 Re8 30. h3 Kh8 31. Qc2 e5 32. Ba4 Qe6 33. Bxe8 Qxe8 34. Rd2 Kg8 35. Bb6 Kf7 36. Qc7+ Qe7 37. Rd7 Qxd7 38. Qxd7+ Kg6 39. Qxb7 h5 40. Qxa6 Kf5 41. Qf1+ Kg6 42. Be3 Kf7 43. b5 Kg6 1-0